[Event "Mittelfranken Mitte-ch 0102"]
[Site "Zirndorf"]
[Date "2002.??.??"]
[Round "5"]
[White "Konsek, Peter"]
[Black "Chadwell, Eugene"]
[Result "1-0"]
[WhiteElo "1979"]
[BlackElo "1718"]
[PlyCount "79"]
[EventDate "2002.01.12"]
[EventType "swiss"]
[EventRounds "7"]
[EventCountry "GER"]
[SourceTitle "EXT 2015"]
[Source "ChessBase"]
[SourceDate "2014.11.20"]
[SourceVersion "1"]
[SourceVersionDate "2014.11.20"]
[SourceQuality "1"]

1. e4 c5 2. Nc3 Nc6 3. g3 g6 4. Bg2 Bg7 5. d3 e6 6. Be3 d6 7. Nh3 Nge7 8. 0-0 0-0 9. Qd2 Rb8 10. Bh6 d5 11. Bxg7 Kxg7 12. exd5 exd5 13. Nf4 Be6 14. Rfe1 Qd6 15. Nb5 Qd7 16. Qc3+ Kg8 17. Qxc5 a6 18. Na3 Rbc8 19. Qc3 b5 20. Qf6 b4 21. Nb1 Nf5 22. c3 Rfe8 23. Nd2 Rb8 24. Nb3 Qd6 25. Re2 a5 26. Rae1 a4 27. Nd4 Ncxd4 28. cxd4 Rb6 29. Bxd5 Ng7 30. Bxe6 fxe6 31. d5 Rf8 32. Qe5 exd5 33. Qxd5+ Kh8 34. Qxd6 Rxd6 35. Re4 Rb8 36. Rc1 Nf5 37. Rcc4 Rbb6 38. Rc7 a3 39. b3 Re6 40. g4 1-0